Baudenkmäler der Siebenbürger Sachsen

Titel: Baudenkmäler der Siebenbürger Sachsen : Zeugnisse eines jahrhundertealten Kulturerbes / Michael Kroner
Verfasser:
Veröffentlicht: Wien : Österreichische Landsmannschaft, 2014
Umfang: 112 S. : Ill.
Format: Buch
Sprache: Deutsch
Schriftenreihe/
mehrbändiges Werk:
Eckartschrift ; 214
Schlagworte:
ISBN: 3902350512 ; 9783902350510
Buchumschlag
X
Lokale Klassifikation: 55 8 S 5 ; 55 9 D ; 55 9 A
alg: 34838232
001A    $03004:13-10-14 
001B    $06055:06-03-26 $t20:32:45.000 
001D    $03004:13-10-14 
001U    $0utf8 
001X    $00 
002@    $0Aau 
003@    $0348382324 
003O    $0880943333 $aOCoLC 
004A    $03-902350-51-2 
004A    $A978-3-902350-51-0 
006G    $01050349350 
006H    $0TOCNEUA1612 $2DNB 
006L    $0BV041843990 $2BVB 
006U    $016,B12 $f20140428 
007A    $0BV041843990 $aBVB 
009P    $qapplication/pdf $A2 $3Inhaltsverzeichnis $uhttp://d-nb.info/1050349350/04 $mB:DE-101 
009P    $A2 $3Inhaltsverzeichnis $uhttp://bvbr.bib-bvb.de:8991/F?func=service&doc_library=BVB01&local_base=BVB01&doc_number=027288607&line_number=0001&func_code=DB_RECORDS&service_type=MEDIA 
010@    $ager 
011@    $a2014 $n2014 
021A    $aBaudenkmäler der Siebenbürger Sachsen $dZeugnisse eines jahrhundertealten Kulturerbes $hMichael Kroner 
028A    $7128518340 $8Kroner, Michael$Z1934-2022 [Tp3] $9159010756 
033A    $pWien $nÖsterreichische Landsmannschaft 
034D    $a112 S. 
034M    $aIll. 
036E    $aEckartschrift $l214 
036F    $x3214 $8Eckartschrift $9128879130 $l214 
044K    $RRumänien $#Siebenbürgen $#Siebenbürgen $#Fürstentum Siebenbürgen $#Transsilvanien $#Transsylvanien $#Transilvania $#Transylvania $#Ardeal $#Erdély $#Siedmiogród $#Sedmohradsko $#Sedmihradsko $D20251120 $Ecgmnf $74054835-1 $8Siebenbürgen [Tg1] $9085152552 
044K    $RArchitekt $RBaudenkmal $RBauweise $RInnenarchitektur $#Architecture $#Architecture $#Baukunst $D20251120 $Ecgmnf $74002851-3 $8Architektur [Ts1] $9084999292 
044K    $RRumäniendeutsche $#Germans Romania Transylvania $#Allemands de Transylvanie $#Siebenbürgen Deutsche $D20251120 $Ecgmnf $74054836-3 $8Siebenbürger Sachsen [Ts1] $9085152560 
044K    $RGedenkstätte $RErinnerungsort $#Monuments $#Monuments $#Monumenti $#Historische Stätte $#Denkmal $#Denkmal $#Monument $#Mahnmal Denkmal $#Denkmäler $D20251120 $Ecgmnf $74011453-3 $8Denkmal [Ts1] $9085023302 
045E    $c720 
045F    $eDDC22ger 
045F/01 $a306.09 
045F/03 $g43 
045G    $eDDC22ger 
045G/01 $a306.09 
045G/03 $g498 
045H    $eDDC22ger 
045H/01 $a307.09 
045H/03 $g498 
045I    $eDDC22ger 
045I/01 $a609 
045I/03 $g498 
045J    $a709.498 $eDDC23BSB 
045J/01 $a709 
045J/03 $g498 

lok: 34838232 24
101B    $013-10-14 $t09:36:47.000 
101C    $013-10-14 
101U    $0utf8 
145Z/01 $a55 8 S 5 
145Z/02 $a55 9 D 
145Z/03 $a55 9 A 

exp: 34838232 24 1 #EPN
201B/01 $014-10-14 $t13:24:26.000 
201C/01 $013-10-14 
201U/01 $0utf8 
203@/01 $0741375079 
208@/01 $a14-10-14 $bz 
209A/01 $aS 29472 $du $f050 $hS 29472 $x00 
209C/01 $a14.09541 G $h14 09541 G 
209G/01 $a73553342 $x00 
220C/01 $ahae 
247C/01 $8358050-7 Marburg, Bibliothek des Herder-Instituts Marburg $9102600961
LEADER 00000cam a2200000 c 4500
001 348382324
003 DE-603
005 20260306203245.0
007 tu
008 141013s2014 xx |||| | u00||u|ger
015 |a 16,B12  |2 dnb 
016 7 |2 DE-101  |a 1050349350 
020 |a 3902350512 
020 |a 9783902350510 
035 |a (DE-599)BVBBV041843990 
035 |a (DE-604)BV041843990 
035 |a (OCoLC)880943333 
040 |a DE-603  |b ger  |c DE-603  |d DE-603 
041 |a ger 
083 0 |8 5\u  |a 709.498  |q DE-101  |2 23/BSB 
084 |a 720  |q DE-101  |2 sdnb 
085 |8 1\u  |b 306.09 
085 |8 1\u  |z 2  |s 43 
085 |8 2\u  |b 306.09 
085 |8 2\u  |z 2  |s 498 
085 |8 3\u  |b 307.09 
085 |8 3\u  |z 2  |s 498 
085 |8 4\u  |b 609 
085 |8 4\u  |z 2  |s 498 
085 |8 5\u  |b 709 
085 |8 5\u  |z 2  |s 498 
100 1 |a Kroner, Michael  |d 1934-2022  |0 (DE-603)159010756  |0 (DE-588)128518340  |2 gnd 
245 0 0 |a Baudenkmäler der Siebenbürger Sachsen  |b Zeugnisse eines jahrhundertealten Kulturerbes  |c Michael Kroner 
264 1 |a Wien  |b Österreichische Landsmannschaft  |c 2014 
300 |a 112 S.  |b Ill. 
490 1 |a Eckartschrift  |v 214 
650 7 |a Architektur  |0 (DE-588)4002851-3  |0 (DE-603)084999292  |2 gnd 
650 7 |a Siebenbürger Sachsen  |0 (DE-588)4054836-3  |0 (DE-603)085152560  |2 gnd 
650 7 |a Denkmal  |0 (DE-588)4011453-3  |0 (DE-603)085023302  |2 gnd 
651 7 |a Siebenbürgen  |0 (DE-588)4054835-1  |0 (DE-603)085152552  |2 gnd 
830 0 |t Eckartschrift  |v 214  |w (DE-603)128879130  |w (DE-600)2027111-6  |9 3214  |7 as 
856 4 2 |m B:DE-101  |q application/pdf  |u http://d-nb.info/1050349350/04  |3 Inhaltsverzeichnis 
856 4 2 |u http://bvbr.bib-bvb.de:8991/F?func=service&doc_library=BVB01&local_base=BVB01&doc_number=027288607&line_number=0001&func_code=DB_RECORDS&service_type=MEDIA  |3 Inhaltsverzeichnis 
924 0 |9 Mb 50  |a (DE-603)741375079  |b DE-Mb50  |c HES  |d c  |g S 29472